Rozšírenie Európskej únie o krajiny strednej a východnej Európy v roku 2004 bakalárska práca

Gespeichert in:
Bibliographische Detailangaben
1. Verfasser: Kovačičová, Alexandra
Körperschaft: Fakulta medzinárodných vzťahov EU. Katedra medzinárodných ekonomických vzťahov a hospodárskej diplomacie
Weitere Verfasser: Lipková, Beata
Format: Buch
Sprache:Slowakisch
Veröffentlicht: Bratislava 2009
Tags: Tag hinzufügen
Keine Tags, Fügen Sie das erste Tag hinzu!

MARC

LEADER 00000nam$a2200000$$$4500
001 0099850
005 20240318140931.1
041 0 |a slo 
044 |a SK 
245 1 0 |a Rozšírenie Európskej únie o krajiny strednej a východnej Európy v roku 2004  |b bakalárska práca  |c Alexandra Kovačičová ; škol. Beáta Lipková 
264 1 |a Bratislava  |c 2009 
300 |a 59 s. 
100 1 |a Kovačičová, Alexandra 
700 1 |a Lipková, Beata 
710 2 |a Fakulta medzinárodných vzťahov EU. Katedra medzinárodných ekonomických vzťahov a hospodárskej diplomacie